000 00408 a2200169 4500
001 066014
003 OSt
005 20210907120220.0
008
082 _a809.93592
_bA23A
100 1 _aAnderson, Linda
245 1 _aAutobiography
_cby Linda Anderson
260 _aLondon
_bRoutledge
_c2007
300 _a156p.
690 _aAutobiography; Biography
942 _2ddc
_cBK
999 _c223
_d223